Online Catalogue and eLibrary

Bringing the Global Home: (Record no. 5977)

MARC details
000 -LEADER
fixed length control field 00497nam a22002057a 4500
005 - DATE AND TIME OF LATEST TRANSACTION
control field 20250213021026.0
008 - FIXED-LENGTH DATA ELEMENTS--GENERAL INFORMATION
fixed length control field 250213b |||||||| |||| 00| 0 eng d
082 ## - DDC Classification
DDC Edition Number 4075
Class No. 305.401
Item Number - Author Mark BUN
100 ## - MAIN ENTRY--PERSONAL NAME
Personal name Bunch, C
245 ## - TITLE STATEMENT
Title Bringing the Global Home:
Remainder of title Feminism in the 80s - Book III
260 ## - PUBLICATION, DISTRIBUTION, ETC.
Place of publication, distribution, etc. Denver
Name of publisher, distributor, etc. Antelope Publications
Date of publication, distribution, etc. 1985
300 ## - PHYSICAL DESCRIPTION
Extent (e.g. Volumes, Pages etc.) 44 p.,
650 ## - SUBJECT ADDED ENTRY--TOPICAL TERM
Topical term or geographic name entry element Feminism
650 ## - SUBJECT ADDED ENTRY--TOPICAL TERM
Topical term or geographic name entry element 1980s
650 ## - SUBJECT ADDED ENTRY--TOPICAL TERM
Topical term or geographic name entry element Global
650 ## - SUBJECT ADDED ENTRY--TOPICAL TERM
Topical term or geographic name entry element Women
650 ## - SUBJECT ADDED ENTRY--TOPICAL TERM
Topical term or geographic name entry element Race
650 ## - SUBJECT ADDED ENTRY--TOPICAL TERM
Topical term or geographic name entry element Class
942 ## - Koha item type (Biblio)
Koha item type Books in Stacks (Lending)
Holdings
Lost status Damaged status Collection code Home library Current library Date acquired Full call number Accession Number Item type
    Lending WERC Library WERC Library 02/13/2025 305.401 BUN 4075 Books in Stacks (Lending)

© WERC Library